Państwa na literę C - Statystyki

Ogólne statystyki
  • Ten quiz został rozwiązany 176 razy
  • Średni wynik to 5 z 7
Statystyki odpowiedzi
Kraj % Poprawnych
Czechy
95%
Chiny
77%
Chorwacja
75%
Cypr
68%
Czad
67%
Chile
63%
Czarnogóra
63%
Nie znaleziono quizów pasujących do podanych kryteriów
Rozkład punktacji
Procent ludzi z każdym wynikiem
Percentyl według liczby udzielonych odpowiedzi
Twoja historia wyników
Nie rozwiązałeś tego quizu